| 000 | 00434nam a2200169Ia 4500 | ||
|---|---|---|---|
| 003 | 0100 | ||
| 008 | 130227s9999 xx 000 0 und d | ||
| 040 | _cARRUPELIB | ||
| 050 | _aHX451.A6U84 1984 | ||
| 100 |
_aUshewokunze, H.S.M. _916839 |
||
| 245 | 3 | _aAn agenda for Zimbabwe | |
| 260 |
_aWiltshire _bRedwood Burn _c1984 |
||
| 300 | _avi | ||
| 300 | _b 198p. 22cm. | ||
| 650 |
_bSwahili language _916840 |
||
| 942 |
_2lcc _02 _cMONOGRAPH |
||
| 999 |
_c4570 _d4570 |
||